000 00879nam a2200253Ia 4500
003 OSt
005 20220927105414.0
006 a|||||r|||| 00| 0
007 ta
008 220926b |||||||| |||| 00| 0 eng d
024 _a175196
037 _cReference Collections
040 _aRTL
_cRTL
_beng
041 _2eng
_aeng
082 _a"Cz11N0-T.2.N56<-N55s, 78"
110 _a"INDIA, EDUCATION AND SCIENTIFIC RESEARCH ( Mnistry of-)."
_9372254
245 0 _a"Education in the reorganised states, 1955-56"
_b A statistical survey.
260 _aNew
_bDelhi Manager of Publications India
_c1958
300 _a90p. ill.
_ccm.
500 _aPublication no. 333
700 _a"INDIA, EDUCATION AND SCIENTIFIC RESEARCH ( Mnistry of-)."
_9372255
942 _h"Cz11N0-T.2.N56<-N55s, 78"
_cCC
999 _c692382
_d692382